|
|
|
|
| LEADER |
00000nam a2200000 a 4500 |
| 001 |
1/127729 |
| 008 |
231121s1972####gr | ||| |||| ||gre|| |
| 040 |
|
|
|a GR-MyUa
|b gre
|c GR-MyUa
|e AACR2
|
| 041 |
0 |
|
|a gre
|h eng
|
| 082 |
7 |
|
|a 335.83
|2 (23)
|
| 100 |
1 |
|
|a Kedward, H. R.
|q (Harry Roderick)
|
| 245 |
1 |
3 |
|a Οι αναρχικοί :
|b οι άνθρωποι που συγκλόνησαν μια εποχή /
|c Roderick Kedward ; μετάφραση Μ.Ο. και Ε.Λ. εισαγωγή, συμπλήρωμα των εκδόσεων.
|
| 260 |
|
|
|a Αθήνα :
|b Υδροχόος,
|c 1972.
|
| 300 |
|
|
|a 124 σ. :
|b φωτ. ;
|c 20 εκ.
|
| 500 |
|
|
|a Αυτό το βιβλίο πρωτοεκδόθηκε στην Αγγλία το 1971 από το BPC Unit 75 με τίτλο The Anarchists th men who shocked an era. Το ελληνικό κείμενο έχει την άδεια του συγγραφέα. Copyright : Roderick Kedward.
|
| 500 |
|
|
|a Τίτλος πρωτοτύπου: The anarchists.
|
| 504 |
|
|
|a Βιβλιογραφία: σ. 123.
|
| 650 |
|
0 |
|a Anarchism.
|
| 650 |
|
0 |
|a Anarchists
|x History.
|
| 852 |
|
|
|a INST
|b LESVOS
|e 20231121
|h 335.83 KED
|p 005100065653
|q 005100065653
|t BK
|y 0
|
| 970 |
|
|
|a Καμάτσου
|b Δέσποινα
|z 21-11-2023
|